Detalles MARC
| 000 -LIDER |
| fixed length control field |
01665nam a2200301 a 4500 |
| 003 - IDENTIFICACDOR DE NÚMERO DE CONTROL |
| control field |
DO-SdBNP |
| 005 - DATE AND TIME OF LATEST TRANSACTION |
| control field |
20220218105730.0 |
| 007 - CAMPOS FIJOS DE DESCRIPCIÓN FÍSICA |
| fixed length control field |
000013191 |
| 008 - ELEMENTOS DE LONGITUD FIJA |
| fixed length control field |
091120s2000 dr 000 0 spa d |
| 020 ## - ISBN |
| International Standard Book Number |
8484009572 |
| 040 ## - FUENTE DE CATALOGACIÓN |
| Agencia que crea de manera original el registro |
BPMSU |
| Idioma de catalogación |
spa |
| Agencia que realiza la transcripción |
BPMSU |
| 082 ## - NÚMERO DE CLASIFICACIÓN DECIMAL DE DEWEY |
| Classification number |
Pe863.44 |
| Item number |
V297f 2000 |
| Edition number |
22 |
| 100 1# - ASIENTO PRINCIPAL -- NOMBRE PERSONAL |
| Nombre personal |
Vargas Llosa, Mario |
| 245 13 - MENCIÓN DE TITULO |
| Título |
La fiesta del Chivo / |
| Mención de responsabilidad |
Mario Vargas Llosa. |
| 260 ## - PUBLICACIÓN, DISTRIBUCIÓN, ETC. (PIE DE IMPRENTA) |
| Lugar de publicación, distribución, etc |
Santo Domingo : |
| Nombre del editor, distribuidor, etc. |
Taller, |
| Fecha de publicación, distribución, etc |
2000. |
| 300 ## - DESCRIPCIÓN FÍSICA |
| Extensión |
537 p. ; |
| Dimensiones |
20 cm. |
| 490 0# - MENCIÓN DE SERIES |
| Mención de serie |
Biblioteca taller |
| Volume/sequential designation |
330 |
| 520 1# - RESUMEN, ETC. |
| Nota de resumen, etc. |
Novela histórica sobre los últimos días del gen. Rafael Leonidas Trujillo en la República Dominicana en 1961. El hilo conductor de la novela es el retorno a la isla de Urania Cabral, hija de un senador del régimen trujillista, luego de muchos años de la muerte del dictador. Mientras Urania visita a su padre moribundo, la narración reconstruye el fin de una era haciendo un recuento de una serie de personajes históricos, entre ellos, el sempiterno presidente de la República Dominicana, Joaquín Balaguer y ascenso político. La crueldad del poder y la maldad humana destacan en este gran relato, una de las mejores novelas del novelista peruano"--Handbook of Latin American Studies, v. 58. www.loc.gov/hlas/ |
| 590 ## - NOTA LOCAL |
| Enlace |
Inventariado, 2022/VM |
| 600 14 - ENCABEZAMIENTO DE MATERIA--NOMBRE PERSONAL |
| Nombre personal |
Trujillo, Rafael Leónidas |
| Fechas asociadas con el nombre |
1891-1961 |
| 650 #4 - ENCABEZAMIENTO DE MATERIA--TEMÁTICO |
| Término temático o nombre geográfico como elemento de entrada |
Novela peruana |
| 650 #4 - ENCABEZAMIENTO DE MATERIA--TEMÁTICO |
| Término temático o nombre geográfico como elemento de entrada |
LIiteratura peruana |
| 651 #4 - ENCABEZAMIENTO DE MATERIA--NOMBRE GEOGRÁFICO |
| Nombre geográfico |
República Dominicana |
| Subdivisión temática general |
Historia |
| Subdivisión cronológica |
Era de Trujillo, 1930-1961 |
| Subdivisión de forma |
Novela |
| 910 ## - VALIDACIÓN |
| Validación |
VMateo V/Validado. Control de calidad MFF |
| 942 ## - ADDED ENTRY ELEMENTS (KOHA) |
| Source of classification or shelving scheme |
Dewey Decimal Classification |
| Koha item type |
Libros |
| 945 ## - INFORMACIÓN DE PROCESAMIENTO LOCAL |
| Información de procesamiento local |
Remanejado para la BNPHU / 2017 VM |
| 956 ## - LOCAL ELECTRONIC LOCATION AND ACCESS (OCLC) |
| Nombre de host |
VMATEO |
| Número de acceso |
10 |
| Información de compresión |
20150623 |
| Inicio de sesión |
BPMSU |
| Procesador de solicitud |
00151 |